| 000 | 00443nam a2200181Ia 4500 | ||
|---|---|---|---|
| 008 | 240925s9999 xx 000 0 und d | ||
| 020 | _a9789380298238 | ||
| 082 | _a650 SEN | ||
| 100 | _aSens ,M. C. | ||
| 245 | 0 | _aUpGrading SAPĀ® | |
| 250 | _aNA | ||
| 260 |
_aNew Delhi: _bFirewall Media _c,2010. |
||
| 300 |
_axxlx,1139p. _bN.A _fPirated |
||
| 500 | _aIncludes Index | ||
| 600 | _aSocial Sciences | ||
| 650 | _aManagement | ||
| 942 | _cBK | ||
| 999 |
_c11216 _d11216 |
||